000 00430nam a2200181Ia 4500
001 13064
005 20260306163026.0
008 260306t1999||||xx |||||||||||||| ||spa||
041 _aESP
082 _aRD 658.803
_bD59
100 _aPujol Bengoechea, Bruno
_eAUT
245 0 _aDiccionario de Marketing
260 _c1999
300 _a400 páginas :
_c28 cm.
650 _aGEN
654 _aCAN
942 _cDIC
_dJUS
_fJUS
_2ddc
_n
999 _c13064
_d13064